Normal view MARC view

Entry Personal Name

Number of records used in: 2

001 - CONTROL NUMBER

  • control field: 49649

003 - CONTROL NUMBER IDENTIFIER

  • control field: dpl

005 - DATE AND TIME OF LATEST TRANSACTION

  • control field: 20120628124643.0

008 - FIXED-LENGTH DATA ELEMENTS

  • fixed length control field: 120628|||a|||||| | ||| d

040 ## - CATALOGING SOURCE

  • Original cataloging agency: dpl
  • Transcribing agency: dpl

100 ## - HEADING--PERSONAL NAME

  • Personal name: Sharma, Swarna Kanta

670 ## - SOURCE DATA FOUND

  • Source citation: Work cat.: (dpl)56452: Sharma, Swarna Kanta, Don't break after break-up /, 2011

670 ## - SOURCE DATA FOUND

  • Source citation: Work cat.: (dpl)56452: Sharma, Swarna Kanta, Don't break after break-up /, 2011

© Delhi Public Library
Hit Counter
free hit counter